<?xml version="1.0" encoding="UTF-8"?>
<record
    xmlns:xsi="http://www.w3.org/2001/XMLSchema-instance"
    xsi:schemaLocation="http://www.loc.gov/MARC21/slim http://www.loc.gov/standards/marcxml/schema/MARC21slim.xsd"
    xmlns="http://www.loc.gov/MARC21/slim">

  <leader>01117nam a22002417a 4500</leader>
  <controlfield tag="005">20110427152433.0</controlfield>
  <controlfield tag="008">110427t        xxu||||| |||| 00| 0 mar d</controlfield>
  <datafield tag="010" ind1=" " ind2=" ">
    <subfield code="a">MAR-20751</subfield>
  </datafield>
  <datafield tag="020" ind1=" " ind2=" ">
    <subfield code="a">9788184982114</subfield>
    <subfield code="c">250.00</subfield>
  </datafield>
  <datafield tag="035" ind1=" " ind2=" ">
    <subfield code="a">MR-13408</subfield>
  </datafield>
  <datafield tag="037" ind1=" " ind2=" ">
    <subfield code="b">DBAD / PUB</subfield>
  </datafield>
  <datafield tag="040" ind1=" " ind2=" ">
    <subfield code="a">DPL</subfield>
    <subfield code="b">MR</subfield>
  </datafield>
  <datafield tag="082" ind1=" " ind2=" ">
    <subfield code="a">823</subfield>
  </datafield>
  <datafield tag="100" ind1=" " ind2=" ">
    <subfield code="a">&#x939;&#x93E;&#x92F;&#x932;&#x902;&#x921;,&#x90F;&#x92E;.&#x91C;&#x947;.</subfield>
    <subfield code="9">27501</subfield>
  </datafield>
  <datafield tag="245" ind1=" " ind2=" ">
    <subfield code="a">&#x915;&#x945;&#x930;&#x940; &#x92E;&#x940; &#x921;&#x93E;&#x90A;&#x928; /</subfield>
    <subfield code="c">&#x90F;&#x92E;.&#x91C;&#x947;. &#x939;&#x93E;&#x92F;&#x932;&#x902;&#x921; : &#x92A;&#x941;&#x932;&#x93F;&#x902;&#x926; &#x938;&#x93E;&#x92E;&#x902;&#x924; &#x926;&#x94D;&#x935;&#x93E;&#x930;&#x93E; &#x905;&#x928;&#x941;&#x935;&#x93E;&#x926;&#x93F;&#x924;</subfield>
  </datafield>
  <datafield tag="246" ind1=" " ind2=" ">
    <subfield code="a">Carry Me Down</subfield>
    <subfield code="b">by M.J.Hyland</subfield>
  </datafield>
  <datafield tag="260" ind1=" " ind2=" ">
    <subfield code="a">&#x92A;&#x941;&#x923;&#x947; </subfield>
    <subfield code="b">&#x92E;&#x947;&#x939;&#x924;&#x93E; &#x92A;&#x92C;&#x94D;&#x932;&#x93F;&#x936;&#x93F;&#x902;&#x917; &#x939;&#x93E;&#x90A;&#x938;</subfield>
    <subfield code="c">2011</subfield>
  </datafield>
  <datafield tag="270" ind1=" " ind2=" ">
    <subfield code="a">1941, &#x938;&#x926;&#x93E;&#x936;&#x93F;&#x935; &#x92A;&#x947;&#x920; &#x92E;&#x93E;&#x921;&#x940;&#x935;&#x93E;&#x932;&#x947; &#x915;&#x949;&#x932;&#x928;&#x940;, </subfield>
    <subfield code="b">&#x92A;&#x941;&#x923;&#x947; </subfield>
    <subfield code="e">411030</subfield>
  </datafield>
  <datafield tag="300" ind1=" " ind2=" ">
    <subfield code="a">251&#x92A;&#x943;</subfield>
    <subfield code="c">22&#x938;&#x947;&#x92E;&#x940; (&#x905;&#x91C;&#x93F;&#x932;&#x94D;&#x926;)</subfield>
  </datafield>
  <datafield tag="700" ind1=" " ind2=" ">
    <subfield code="9">27502</subfield>
    <subfield code="a">&#x938;&#x93E;&#x92E;&#x902;&#x924;,&#x92A;&#x941;&#x932;&#x93F;&#x902;&#x926;</subfield>
  </datafield>
  <datafield tag="942" ind1=" " ind2=" ">
    <subfield code="2">ddc</subfield>
    <subfield code="c">MR</subfield>
    <subfield code="h">823</subfield>
    <subfield code="m">&#x939;&#x93E;&#x92F;&#x932;&#x902;</subfield>
  </datafield>
  <datafield tag="999" ind1=" " ind2=" ">
    <subfield code="c">51945</subfield>
    <subfield code="d">51945</subfield>
  </datafield>
  <datafield tag="952" ind1=" " ind2=" ">
    <subfield code="0">0</subfield>
    <subfield code="1">0</subfield>
    <subfield code="2">ddc</subfield>
    <subfield code="4">0</subfield>
    <subfield code="7">1</subfield>
    <subfield code="8">FIC</subfield>
    <subfield code="a">DBAD</subfield>
    <subfield code="b">DBAD</subfield>
    <subfield code="d">2011-04-27</subfield>
    <subfield code="e">DBAD / PUB</subfield>
    <subfield code="g">250.00</subfield>
    <subfield code="l">0</subfield>
    <subfield code="o">823 &#x939;&#x93E;&#x92F;&#x932;&#x902;</subfield>
    <subfield code="p">MR-13409</subfield>
    <subfield code="r">2011-04-27 00:00:00</subfield>
    <subfield code="t">1</subfield>
    <subfield code="v">250.00</subfield>
    <subfield code="y">MR</subfield>
  </datafield>
</record>
